000 00846nam a2200277 a 4500
001 22751
003 BD-RjUL
005 20211209000840.0
008 140309s1996 ii 000 1 eng d
020 _a8171673112
035 _a(BD-RjUL) 22816
040 _aDLC
_cDLC
_beng
_dBD-RjUL
041 1 _aeng
_hurd
082 0 0 _a891.43934
_221
_bRUU 1996
100 1 _aRuswa, Mirza Mohammad Hadi,
_d1857-1931.
_970180
245 1 0 _aUmrao Jan Ada /
_cMirza Muhammad Hadi Rusva ; translated by David Matthews.
260 _aCalcutta :
_bRupa & Co.,
_c1996.
300 _axvii, 207 p. ;
_c20 cm.
500 _aNovel.
650 _aUrdu fiction Translations into English
_970181
700 1 _aMatthews, David
_q(David John),
_d1942-
_970182
942 _2ddc
_cBK
999 _c22751
_d22751